=LDR 00000nam 2200000 4500 =001 INLIS000000000014944 =990 ##$$a 30500986 =005 20210830120442 =990 ##$$a 30500987 =035 ##$$a 0010-061300000014944 =990 ##$$a 30500988 =008 210830################g##########0#ind## =990 ##$$a 30500989 =041 ##$$a Ind =990 ##$$a 20702216 =082 ##$$a 172 =990 ##$$a 20702217 =090 ##$$a 172, Tho e =990 ##$$a 20616524 =100 ##$$a Thomson, dennis f =990 ##$$a 170.348/pro.2002 =245 1#$$a Etika politik pejabat negara /$c Thompson, dennis f; Penerjema, Benyamin molan =260 ##$$a Jakarta :$b Yayasan obor indonesia,$c 2002 =300 ##$$a Xxxi,327 hlm ; $c 14, 5 x 20, 5 cm =650 #4$$a Etika politik =850 ##$$a NBPNMAT =020 ##$$a 979-461-336-3 =084 ##$$a 172 THO e =250 ##$$a Ed. 1 =504 ##$$a Indeks : hlm. 313 - 325 =990 ##$$a 30500986 =990 ##$$a 30500987 =990 ##$$a 30500988 =990 ##$$a 30500989 =990 ##$$a 20702216 =990 ##$$a 20702217 =990 ##$$a 20616524 =990 ##$$a 170.348/pro.2002